| 000 | 01330cam a2200337 a 4500 | ||
|---|---|---|---|
| 001 | 15557863 | ||
| 005 | 20090323130621.0 | ||
| 008 | 081215s2010 maua b 001 0 eng | ||
| 020 | _a9780321410948 | ||
| 020 | _a0321410947 | ||
| 035 | _a(OCoLC)ocn288375783 | ||
| 035 | _a(OCoLC)288375783 | ||
| 040 |
_aDLC _cDLC _dYDX _dYDXCP _dDLC |
||
| 082 | 0 | 0 |
_a306.3615 _222 _bHOF |
| 100 | 1 |
_aHoffman, Saul D., _d1949- _930260 |
|
| 245 | 1 | 0 |
_aWomen and the Economy : _bFamily, Work, and Pay / _cSaul D. Hoffman, Susan L. Averett. |
| 250 | _a2nd ed. | ||
| 260 |
_aBoston, MA : _bPearson/Addison-Wesley, _cc2010. |
||
| 300 |
_axix, 588 p. : _bill. ; _c24 cm. |
||
| 490 | 1 |
_aAddison-Wesley series in economics _930261 |
|
| 504 | _aIncludes bibliographical references and index. | ||
| 650 | 0 |
_aWomen _xEconomic conditions. _930262 |
|
| 650 | 0 |
_aSex role _xEconomic aspects. _930263 |
|
| 650 | 0 |
_aWomen _xEmployment. _930264 |
|
| 650 | 0 |
_aSex discrimination against women. _930265 |
|
| 653 |
_bEco _cJune2012 |
||
| 700 | 1 |
_aAverett, Susan. _930266 |
|
| 942 |
_2ddc _cBB |
||
| 999 |
_c16802 _d16802 |
||